000 00511nam a22001937a 4500
005 20210501115845.0
008 210216b1990 ||||| |||| 00| 0 eng d
020 _a0340523972
040 _cDLC
041 _aeng
080 _a821.111
_bH-15
100 _9920
_aHaggard.William
245 _aThe vendettist
260 _aLondon
_bHodder @ Stouhton
_c1990
300 _a156 p.:
650 0 _9247
_aEnglish literature
653 _aინგლისური ლიტერატურა
942 _2udc
_cBK
999 _c1468
_d1468